[Event "ITA-chT GpA 55th"]
[Site "Vasto"]
[Date "2024.04.10"]
[Round "4.22"]
[White "Iturrizaga Bonelli, Eduardo"]
[Black "Yao, Stefano"]
[Result "1/2-1/2"]
[WhiteElo "2589"]
[BlackElo "2289"]
[PlyCount "90"]
[EventDate "2024.04.08"]
[EventType "team-tourn"]
[EventRounds "7"]
[EventCountry "ITA"]
[SourceTitle "CB16_2024"]
[SourceDate "2024.04.17"]
[SourceVersion "1"]
[SourceVersionDate "2024.04.17"]
[SourceQuality "1"]
[WhiteTeam "Palermitano CPS"]
[BlackTeam "Torino"]
[WhiteTeamCountry "ITA"]
[BlackTeamCountry "ITA"]

1. d4 d5 2. c4 e6 3. Nc3 Nf6 4. Nf3 Be7 5. g3 dxc4 6. Bg2 Nc6 7. 0-0 0-0 8. e3 Rb8 9. Qe2 b5 10. Rd1 Bd7 11. e4 b4 12. Na4 Qc8 13. Bg5 h6 14. Bxf6 gxf6 15. Qe3 Kg7 16. b3 c3 17. Bf1 a5 18. e5 f5 19. h4 Nd8 20. Nc5 Bxc5 21. dxc5 Nc6 22. Kh2 Ne7 23. Bc4 Bc6 24. Nd4 Bd5 25. Bd3 Rh8 26. h5 c6 27. g4 fxg4 28. Rg1 Kf8 29. Rxg4 Ke8 30. a3 Qc7 31. axb4 axb4 32. Rg7 Kd7 33. Rxf7 Rbf8 34. Rxf8 Rxf8 35. f4 Rg8 36. Be4 Qb7 37. f5 Rg5 38. fxe6+ Kc7 39. Bf3 Qb8 40. Qf4 Qg8 41. Qf7 Qxf7 42. Ra7+ Kd8 43. Ra8+ Kc7 44. Ra7+ Kd8 45. Ra8+ Kc7 1/2-1/2

[Event "ITA-chT GpA 55th"]
[Site "Vasto"]
[Date "2024.04.09"]
[Round "3.22"]
[White "Sonis, Francesco"]
[Black "Iturrizaga Bonelli, Eduardo"]
[Result "1/2-1/2"]
[WhiteElo "2562"]
[BlackElo "2589"]
[PlyCount "36"]
[EventDate "2024.04.08"]
[EventType "team-tourn"]
[EventRounds "7"]
[EventCountry "ITA"]
[SourceTitle "CB16_2024"]
[SourceDate "2024.04.17"]
[SourceVersion "1"]
[SourceVersionDate "2024.04.17"]
[SourceQuality "1"]
[WhiteTeam "Costa Smeralda"]
[BlackTeam "Palermitano CPS"]
[WhiteTeamCountry "ITA"]
[BlackTeamCountry "ITA"]

1. Nf3 d5 2. e3 Nf6 3. c4 e6 4. b3 g6 5. Bb2 Bg7 6. Be2 0-0 7. d4 b6 8. 0-0 Bb7 9. Nc3 Nbd7 10. Rc1 Qe7 11. cxd5 exd5 12. Rc2 c6 13. Qc1 Rfe8 14. a4 a5 15. Ba3 Qe6 16. h3 h5 17. Bd3 Bh6 18. Re2 Ne4 1/2-1/2

[Event "La Roda op 50th"]
[Site "La Roda"]
[Date "2024.03.29"]
[Round "5"]
[White "Iturrizaga Bonelli, Eduardo"]
[Black "Ponce Navalon, Jose"]
[Result "1-0"]
[WhiteElo "2588"]
[BlackElo "2141"]
[PlyCount "79"]
[EventDate "2024.03.27"]
[EventType "swiss"]
[EventRounds "9"]
[EventCountry "ESP"]
[SourceTitle "CB14_2024"]
[SourceDate "2024.04.01"]
[SourceVersion "1"]
[SourceVersionDate "2024.04.01"]
[SourceQuality "1"]

1. c4 e6 2. Nf3 d5 3. d4 Nf6 4. g3 Bb4+ 5. Bd2 a5 6. Bg2 0-0 7. Qc2 Nc6 8. 0-0 dxc4 9. Qxc4 Qd5 10. Rc1 Qxc4 11. Rxc4 Nd5 12. a3 Bd6 13. Rc2 Nb6 14. Bc3 a4 15. Nbd2 Na5 16. Ne5 Nb3 17. Nxb3 axb3 18. Rcc1 Na4 19. Nd3 Ra6 20. e3 Ra7 21. Bb4 Bd7 22. Nc5 Bxc5 23. Bxc5 Nxc5 24. Rxc5 b6 25. Rc3 Ba4 26. Rac1 Rc8 27. Bc6 b5 28. Rc5 Rb8 29. Bf3 b4 30. axb4 Rxb4 31. Rxc7 Rxc7 32. Rxc7 Kf8 33. Kf1 Bb5+ 34. Be2 Be8 35. Ra7 f6 36. Ra5 Ke7 37. Ke1 f5 38. Kd2 g5 39. Kc3 Rb6 40. Bc4 1-0

[Event "La Roda op 50th"]
[Site "La Roda"]
[Date "2024.03.28"]
[Round "2"]
[White "Portero Rubio, Martin"]
[Black "Iturrizaga Bonelli, Eduardo"]
[Result "0-1"]
[WhiteElo "2067"]
[BlackElo "2588"]
[PlyCount "72"]
[EventDate "2024.03.27"]
[EventType "swiss"]
[EventRounds "9"]
[EventCountry "ESP"]
[SourceTitle "CB14_2024"]
[SourceDate "2024.04.01"]
[SourceVersion "1"]
[SourceVersionDate "2024.04.01"]
[SourceQuality "1"]

1. e4 c5 2. Nf3 Nc6 3. d4 cxd4 4. Nxd4 Qb6 5. Nb3 Nf6 6. Nc3 e6 7. Qe2 Qc7 8. g4 h6 9. Bd2 a6 10. 0-0-0 Bd6 11. h4 b5 12. Bg2 Bb7 13. g5 Ng8 14. Rhf1 hxg5 15. hxg5 Rh2 16. f4 b4 17. Na4 Nce7 18. Be3 Bxe4 19. Rf2 Rxg2 20. Rxg2 Bxg2 21. Qxg2 Nd5 22. Nb6 Nxb6 23. Bxb6 Bxf4+ 24. Kb1 Qc6 25. Qf2 Bxg5 26. Na5 Qe4 27. Qc5 Be7 28. Qc7 Nf6 29. Bc5 Qf3 30. Rc1 Qd5 31. Bxe7 Kxe7 32. Nc4 Qc6 33. Qf4 g5 34. Qf1 Ne4 35. Rd1 Rc8 36. Ne3 Qb5 0-1

[Event "La Roda op 50th"]
[Site "La Roda"]
[Date "2024.03.27"]
[Round "1"]
[White "Iturrizaga Bonelli, Eduardo"]
[Black "Jafar Hussain, Yaser"]
[Result "1-0"]
[WhiteElo "2588"]
[BlackElo "1887"]
[PlyCount "65"]
[EventDate "2024.03.27"]
[EventType "swiss"]
[EventRounds "9"]
[EventCountry "ESP"]
[SourceTitle "CB14_2024"]
[SourceDate "2024.04.01"]
[SourceVersion "1"]
[SourceVersionDate "2024.04.01"]
[SourceQuality "1"]

1. c4 e5 2. g3 d5 3. cxd5 Nf6 4. Bg2 Nxd5 5. Nf3 Nc6 6. 0-0 Be6 7. d4 exd4 8. Nxd4 Nxd4 9. Qxd4 c6 10. Nc3 Qb6 11. Qa4 Nxc3 12. bxc3 Be7 13. Bf4 Qc5 14. Rab1 b5 15. Qd4 Qxd4 16. cxd4 Rc8 17. d5 Bxd5 18. Bxd5 cxd5 19. Rxb5 0-0 20. Rxd5 Rc2 21. Rd7 Rxe2 22. Be3 Bf6 23. Rxa7 h5 24. Rd1 h4 25. Kg2 Re8 26. Kf3 Rc2 27. Rdd7 hxg3 28. hxg3 Rf8 29. a4 Rcc8 30. a5 Ra8 31. Rxf7 Bc3 32. Rxf8+ Rxf8+ 33. Kg2 1-0

[Event "Portimao op"]
[Site "Portimao"]
[Date "2024.02.17"]
[Round "8"]
[White "Martinez Ramirez, Lennis"]
[Black "Iturrizaga Bonelli, Eduardo"]
[Result "1/2-1/2"]
[WhiteElo "2442"]
[BlackElo "2602"]
[PlyCount "20"]
[EventDate "2024.02.11"]
[EventType "swiss"]
[EventRounds "9"]
[EventCountry "POR"]
[SourceTitle "CB09_2024"]
[SourceDate "2024.02.28"]
[SourceVersion "1"]
[SourceVersionDate "2024.02.28"]
[SourceQuality "1"]

1. d4 Nf6 2. c4 e6 3. Nf3 b6 4. g3 Bb7 5. Bg2 Bb4+ 6. Bd2 a5 7. Nc3 0-0 8. 0-0 d6 9. d5 e5 10. Nh4 Nbd7 1/2-1/2

[Event "Portimao op"]
[Site "Portimao"]
[Date "2024.02.12"]
[Round "2"]
[White "Zounani, Yacine"]
[Black "Iturrizaga Bonelli, Eduardo"]
[Result "0-1"]
[WhiteElo "2043"]
[BlackElo "2602"]
[PlyCount "68"]
[EventDate "2024.02.11"]
[EventType "swiss"]
[EventRounds "9"]
[EventCountry "POR"]
[SourceTitle "CB09_2024"]
[SourceDate "2024.02.28"]
[SourceVersion "1"]
[SourceVersionDate "2024.02.28"]
[SourceQuality "1"]

1. d4 Nf6 2. c4 b6 3. f3 c5 4. d5 g6 5. Nh3 d6 6. Nf2 Bg7 7. e4 0-0 8. Be2 e6 9. Nc3 exd5 10. cxd5 Na6 11. 0-0 Nc7 12. a4 a6 13. Bg5 h6 14. Be3 Rb8 15. Qd2 Kh7 16. Nd3 Re8 17. Bf2 b5 18. axb5 axb5 19. b4 c4 20. Nc1 Nh5 21. Ra7 Rb7 22. Rxb7 Bxb7 23. Bd4 Qg5 24. Be3 Qe5 25. N1a2 Nxd5 26. Nxd5 Bxd5 27. Rd1 Bc6 28. g4 Nf6 29. Bf4 Nxe4 30. fxe4 Qxe4 31. Bf1 Qh1+ 32. Kf2 Qf3+ 33. Kg1 Bd4+ 34. Qxd4 Re2 0-1

[Event "Chessable Masters Play In"]
[Site "Chess.com INT"]
[Date "2024.01.31"]
[Round "7"]
[White "Tari, Aryan"]
[Black "Iturrizaga Bonelli, Eduardo"]
[Result "1/2-1/2"]
[WhiteElo "2623"]
[BlackElo "2600"]
[PlyCount "142"]
[EventDate "2024.01.31"]
[EventType "swiss (rapid)"]
[EventRounds "9"]
[EventCountry "USA"]
[SourceTitle "CB06_2024"]
[SourceDate "2024.02.07"]
[SourceVersion "1"]
[SourceVersionDate "2024.02.07"]
[SourceQuality "1"]

1. e4 c5 2. Nf3 e6 3. d4 cxd4 4. Nxd4 a6 5. a3 Nf6 6. Nc3 d6 7. g4 h6 8. h3 Bd7 9. Be3 Nc6 10. Qe2 Rc8 11. f4 g5 12. Nf3 gxf4 13. Bxf4 Qa5 14. Bd2 Qc7 15. Bg2 Be7 16. Qf2 Na5 17. b3 Nc6 18. 0-0 Ne5 19. Nxe5 dxe5 20. Kh1 Rh7 21. Qg3 Bc6 22. Rf2 h5 23. Raf1 Qd8 24. gxh5 Rh8 25. h6 Rc7 26. Qxe5 Rh7 27. Be3 Nd7 28. Qg3 Nf8 29. Qg8 Bh4 30. Bc5 Re7 31. Rf4 Qd2 32. Rxh4 Qxc3 33. Bxe7 Kxe7 34. Rhf4 f5 35. exf5 Qxh3+ 36. Kg1 Qe3+ 37. R4f2 Qxh6 38. Bxc6 Rg7+ 39. Qxg7+ Qxg7+ 40. Kh1 Qd4 41. Bxb7 e5 42. f6+ Kf7 43. Rg2 Ne6 44. Rh2 Nf4 45. Bf3 Kxf6 46. Rhf2 Qc3 47. Bg2 Qg3 48. a4 a5 49. Rd2 Ke6 50. Rdf2 Qh4+ 51. Kg1 Qg3 52. Kh1 Qh4+ 53. Kg1 Kd6 54. Rd1+ Kc5 55. Rfd2 Qg3 56. Kf1 Kb4 57. Re1 Qg5 58. Rf2 Qg7 59. Re4+ Kc3 60. Re3+ Kb2 61. c4+ Ka3 62. c5 Qh7 63. Rxe5 Nd3 64. Re3 Nxf2 65. Kxf2 Qc2+ 66. Kg3 Qxc5 67. Rf3 Qe5+ 68. Kf2 Qd4+ 69. Kg3 Qe5+ 70. Kf2 Qd4+ 71. Kg3 Qe5+ 1/2-1/2

[Event "Titled Tuesday intern op 23rd Jan Late"]
[Site "Chess.com INT"]
[Date "2024.01.23"]
[Round "9"]
[White "Iturrizaga Bonelli, Eduardo"]
[Black "Gavrilescu, David"]
[Result "1-0"]
[WhiteElo "2600"]
[BlackElo "2523"]
[PlyCount "83"]
[EventDate "2024.01.23"]
[EventType "swiss (blitz)"]
[EventRounds "11"]
[EventCountry "USA"]
[SourceTitle "CB05_2024"]
[SourceDate "2024.01.31"]
[SourceVersion "1"]
[SourceVersionDate "2024.01.31"]
[SourceQuality "1"]

1. c4 e6 2. Nf3 d5 3. e3 Nf6 4. b3 c5 5. Bb2 Nc6 6. cxd5 exd5 7. Bb5 Bd6 8. 0-0 0-0 9. d4 cxd4 10. Nxd4 Bc7 11. Nd2 Qd6 12. N4f3 Bg4 13. h3 Bh5 14. Rc1 Rfe8 15. Bxc6 bxc6 16. Qc2 Rac8 17. Rfd1 Ba5 18. Bc3 Bb6 19. Qf5 Bg6 20. Qg5 h6 21. Qh4 Ne4 22. Bd4 c5 23. Bb2 Qe6 24. Nxe4 Bxe4 25. Nd2 Bg6 26. Nf1 Rcd8 27. Ng3 Kh7 28. Ne2 d4 29. Nf4 Qf5 30. exd4 cxd4 31. Qg3 Rd6 32. Nd3 Rde6 33. Rd2 Re2 34. Rcd1 Rxd2 35. Rxd2 Re7 36. Qf4 Re1+ 37. Kh2 Qd7 38. Qg3 Bc7 39. Nf4 d3 40. Qf3 Be4 41. Qg3 Qf5 42. Qxg7# 1-0

[Event "Titled Tuesday intern op 23rd Jan Late"]
[Site "Chess.com INT"]
[Date "2024.01.23"]
[Round "2"]
[White "Iturrizaga Bonelli, Eduardo"]
[Black "Mokshanov, Alexey"]
[Result "0-1"]
[WhiteElo "2600"]
[BlackElo "2342"]
[PlyCount "190"]
[EventDate "2024.01.23"]
[EventType "swiss (blitz)"]
[EventRounds "11"]
[EventCountry "USA"]
[SourceTitle "CB05_2024"]
[SourceDate "2024.01.31"]
[SourceVersion "1"]
[SourceVersionDate "2024.01.31"]
[SourceQuality "1"]

1. c4 e5 2. g3 Nf6 3. Bg2 Nc6 4. Nf3 Be7 5. 0-0 0-0 6. Nc3 Re8 7. d4 exd4 8. Nxd4 Nxd4 9. Qxd4 d6 10. Bf4 Nd7 11. Qd2 Bf6 12. Rac1 Rb8 13. Rfd1 b6 14. Nb5 a5 15. Na7 Bb7 16. Nc6 Bxc6 17. Bxc6 Qe7 18. Rc2 Rbd8 19. a3 Be5 20. Be3 Qe6 21. b4 axb4 22. axb4 Re7 23. Qd5 Qg6 24. Qd3 Qh5 25. Bf3 Qh3 26. Bg2 Qe6 27. c5 bxc5 28. bxc5 Ree8 29. cxd6 Bxd6 30. Qa6 Ne5 31. Qa2 Qf6 32. Bd4 Qh6 33. h3 Qg6 34. Rdc1 h5 35. Be3 Qf6 36. Qa4 Ng6 37. Rc3 h4 38. g4 Nf4 39. Bf1 Nd5 40. Bd4 Nxc3 41. Bxc3 Be5 42. Bxe5 Qxe5 43. e3 c5 44. Qc4 Rc8 45. Bg2 Re7 46. Be4 Kf8 47. Bf5 Rcc7 48. Bd3 g6 49. Bf1 Kg7 50. Qc2 Qe4 51. Bd3 Qf3 52. Bf1 c4 53. Qc3+ Qf6 54. Qa5 c3 55. Qb4 Qe5 56. Bd3 Qd5 57. Bf1 c2 58. Qb2+ Qe5 59. Rxc2 Rxc2 60. Qxc2 Rc7 61. Qd2 Qc3 62. Qd5 Ra7 63. Kg2 Qf6 64. Bc4 Rc7 65. Qd3 Rb7 66. Bd5 Rb2 67. Bf3 Ra2 68. Qd5 Qb2 69. Be2 Qxe2 70. Qe5+ Kh7 71. Qf6 Ra7 72. Qxh4+ Kg7 73. g5 Qa6 74. Qd4+ Kg8 75. Qd8+ Kh7 76. h4 Qc6+ 77. Kg3 Qc7+ 78. Qxc7 Rxc7 79. Kf4 Rc5 80. e4 Rc4 81. f3 Rc6 82. Ke5 Re6+ 83. Kd5 Kg7 84. f4 Ra6 85. Ke5 Ra5+ 86. Kd4 Ra4+ 87. Ke5 Ra3 88. f5 Rh3 89. f6+ Kf8 90. Kd5 Rxh4 91. e5 Rg4 92. Kd6 Rxg5 93. e6 fxe6 94. Kxe6 Rf5 95. f7 Rxf7 0-1

[Event "Titled Tuesday intern op 16th Jan Late"]
[Site "Chess.com INT"]
[Date "2024.01.16"]
[Round "8"]
[White "Iturrizaga Bonelli, Eduardo"]
[Black "Garcia Ramos, Daniel"]
[Result "1-0"]
[WhiteElo "2600"]
[BlackElo "2436"]
[PlyCount "57"]
[EventDate "2024.01.16"]
[EventType "swiss (blitz)"]
[EventRounds "11"]
[EventCountry "USA"]
[SourceTitle "CB04_2024"]
[SourceDate "2023.10.16"]
[SourceVersion "1"]
[SourceVersionDate "2023.10.16"]
[SourceQuality "1"]

1. d4 Nf6 2. Nf3 e6 3. Bf4 d5 4. e3 Bd6 5. Bg3 0-0 6. Bd3 c5 7. dxc5 Bxc5 8. 0-0 Nc6 9. Nbd2 Bd6 10. c4 Bxg3 11. hxg3 e5 12. cxd5 Qxd5 13. Qb1 Rd8 14. Bc4 Qa5 15. Ne4 Nd5 16. Neg5 h6 17. Qh7+ Kf8 18. Qh8+ Ke7 19. Qxg7 hxg5 20. Nxg5 Be6 21. Nxe6 Kxe6 22. e4 Nce7 23. exd5+ Nxd5 24. Rad1 Qc5 25. Bb3 Rd6 26. Rfe1 f6 27. Qxb7 Rad8 28. Rxd5 Rxd5 29. Rd1 1-0

[Event "Titled Tuesday intern op 09th Jan Early"]
[Site "Chess.com INT"]
[Date "2024.01.09"]
[Round "11"]
[White "Iturrizaga Bonelli, Eduardo"]
[Black "Radjabov, Teimour"]
[Result "1-0"]
[WhiteElo "2600"]
[BlackElo "2723"]
[PlyCount "109"]
[EventDate "2024.01.09"]
[EventType "swiss (blitz)"]
[EventRounds "11"]
[EventCountry "USA"]
[SourceTitle "CB03_2024"]
[SourceDate "2024.01.17"]
[SourceVersion "1"]
[SourceVersionDate "2024.01.17"]
[SourceQuality "1"]

1. c4 Nf6 2. g3 g6 3. Bg2 Bg7 4. Nc3 0-0 5. d4 c6 6. e4 d6 7. Nf3 e5 8. 0-0 Na6 9. Qc2 Re8 10. Rd1 Bd7 11. h3 exd4 12. Nxd4 Qe7 13. Bf4 Nh5 14. Be3 Nf6 15. Bf4 Nh5 16. Be3 Nf6 17. Rd2 Nc5 18. f3 Rac8 19. Bf2 Bh6 20. Re2 Qf8 21. Rd1 b6 22. Ree1 Bg7 23. b3 h5 24. Qd2 Rcd8 25. Be3 Ne6 26. Bf2 Nc5 27. Be3 Ne6 28. h4 Nxd4 29. Bxd4 Be6 30. Qc2 Qe7 31. Ne2 Qf8 32. Nf4 Bc8 33. Qb2 Nh7 34. Bxg7 Qxg7 35. Qxg7+ Kxg7 36. Rd2 Kf8 37. Red1 Ke7 38. Kf2 Nf6 39. Ne2 Bb7 40. Nc3 Ba8 41. b4 Bb7 42. b5 c5 43. Bh3 Ba8 44. a4 Bb7 45. a5 bxa5 46. Ra1 Ra8 47. Rxa5 a6 48. b6 Reb8 49. e5 Ne8 50. exd6+ Nxd6 51. Rxc5 f5 52. Rc7+ Ke6 53. Bf1 Bc8 54. c5 Ne8 55. Bc4+ 1-0

[Event "Wch Blitz"]
[Site "Samarkand"]
[Date "2023.12.30"]
[Round "13"]
[White "Kosakowski, Jakub"]
[Black "Iturrizaga Bonelli, Eduardo"]
[Result "0-1"]
[WhiteElo "2479"]
[BlackElo "2600"]
[PlyCount "94"]
[EventDate "2023.12.29"]
[EventType "swiss (blitz)"]
[EventRounds "21"]
[EventCountry "UZB"]
[SourceTitle "CB01_2024"]
[SourceDate "2024.01.03"]
[SourceVersion "1"]
[SourceVersionDate "2024.01.03"]
[SourceQuality "1"]

1. e4 c5 2. Nf3 Nc6 3. d4 cxd4 4. Nxd4 Qb6 5. Nb3 Nf6 6. Nc3 e6 7. a3 a6 8. Be3 Qc7 9. f4 d6 10. Qf3 b5 11. Bd3 Be7 12. g4 h6 13. h4 h5 14. gxh5 Rb8 15. Rg1 Nxh5 16. 0-0-0 b4 17. axb4 Nxb4 18. Kb1 Bd7 19. Qe2 Nxd3 20. Qxd3 a5 21. Nd2 0-0 22. Bd4 f6 23. Qf3 Be8 24. f5 Rb4 25. Nf1 Qb7 26. b3 e5 27. Be3 a4 28. Nd5 axb3 29. Nxb4 Qxb4 30. c3 Qxc3 31. Qe2 Bb5 32. Qd2 Qc4 33. Qd5+ Qxd5 34. Rxd5 Bc6 35. Rd1 Bxe4+ 36. Kb2 d5 37. Nd2 Bxf5 38. Nxb3 d4 39. Bd2 Rb8 40. Ra1 Be6 41. Ra7 Rxb3+ 42. Kc2 Bf8 43. Ra8 Rb7 44. Bc1 Kf7 45. Ba3 Bxa3 46. Rxa3 Nf4 47. Rag3 Bf5+ 0-1

[Event "Wch Blitz"]
[Site "Samarkand"]
[Date "2023.12.29"]
[Round "1"]
[White "Madaminov, Mukhiddin"]
[Black "Iturrizaga Bonelli, Eduardo"]
[Result "1-0"]
[WhiteElo "2494"]
[BlackElo "2600"]
[PlyCount "153"]
[EventDate "2023.12.29"]
[EventType "swiss (blitz)"]
[EventRounds "21"]
[EventCountry "UZB"]
[SourceTitle "CB01_2024"]
[SourceDate "2024.01.03"]
[SourceVersion "1"]
[SourceVersionDate "2024.01.03"]
[SourceQuality "1"]

1. e4 c5 2. Nf3 e6 3. d4 cxd4 4. Nxd4 a6 5. Nc3 b5 6. Bd3 Bb7 7. 0-0 Nc6 8. Nxc6 Bxc6 9. Re1 Bc5 10. Qh5 Qb6 11. Be3 Bxe3 12. Rxe3 Ne7 13. Qg5 Ng6 14. h4 h6 15. Qg3 Qc5 16. e5 0-0 17. h5 Ne7 18. Qg4 b4 19. Ne2 f5 20. exf6 Rxf6 21. Qd4 Qxh5 22. Re5 Qf7 23. Rf1 a5 24. f3 Bd5 25. Qh4 Rf8 26. Re3 Nf5 27. Bxf5 Rxf5 28. Qf2 Qg6 29. Ng3 Rg5 30. Ne4 Bxe4 31. Rxe4 Qxe4 32. fxe4 Rxf2 33. Rxf2 Rc5 34. Rd2 Rc7 35. Kf2 Kf7 36. Ke3 Kf6 37. Kd4 d6 38. c4 bxc3 39. bxc3 Rc5 40. Rf2+ Ke7 41. Rb2 Rg5 42. Ke3 Kf6 43. Kf3 Rc5 44. Rb3 Ke5 45. Ke3 h5 46. a4 g5 47. Kd3 Kf4 48. Rb6 Kg3 49. Rxd6 Kxg2 50. Rxe6 h4 51. Kd4 Rc8 52. Rg6 Rd8+ 53. Ke3 h3 54. Rxg5+ Kf1 55. Rh5 Kg2 56. Rg5+ Kf1 57. Rxa5 Rh8 58. Rf5+ Kg1 59. Rg5+ Kf1 60. Rf5+ Kg1 61. Rb5 h2 62. Rb1+ Kg2 63. e5 Rh4 64. a5 Ra4 65. Kd3 Rxa5 66. Kd4 Rb5 67. Rc1 Rb2 68. c4 Rd2+ 69. Kc5 Rf2 70. e6 Rf1 71. Rxf1 Kxf1 72. e7 h1Q 73. e8Q Qg1+ 74. Kb5 Qd4 75. Qf7+ Ke2 76. Qe6+ Kf2 77. Qb6 1-0

[Event "Wch Blitz"]
[Site "Samarkand"]
[Date "2023.12.29"]
[Round "5"]
[White "Song, Raymond"]
[Black "Iturrizaga Bonelli, Eduardo"]
[Result "0-1"]
[WhiteElo "2503"]
[BlackElo "2600"]
[PlyCount "92"]
[EventDate "2023.12.29"]
[EventType "swiss (blitz)"]
[EventRounds "21"]
[EventCountry "UZB"]
[SourceTitle "CB01_2024"]
[SourceDate "2024.01.03"]
[SourceVersion "1"]
[SourceVersionDate "2024.01.03"]
[SourceQuality "1"]

1. d4 Nf6 2. c4 e6 3. Nf3 Bb4+ 4. Bd2 a5 5. g3 0-0 6. Bg2 d5 7. Qc2 Be7 8. 0-0 c6 9. Rd1 Nbd7 10. Bf4 h6 11. h4 Nh5 12. e3 f5 13. Be5 Nhf6 14. Nc3 Ng4 15. Ne2 Ndf6 16. Nf4 Ne4 17. Nd3 Bd7 18. Qe2 Be8 19. Nfe1 Ngf6 20. f3 Nd6 21. Nf4 Bf7 22. b3 a4 23. Ned3 dxc4 24. Nc5 Qc8 25. Nxa4 Nd7 26. Nc5 cxb3 27. axb3 Rxa1 28. Rxa1 Nxe5 29. dxe5 Nb5 30. Qc4 g5 31. hxg5 hxg5 32. Ne2 Rd8 33. Nd4 Rd5 34. Nd3 Nxd4 35. exd4 Qd8 36. Nf2 Rxd4 37. Qc3 Bb4 38. Qc1 Bd2 39. Qf1 Be3 40. Qe2 f4 41. gxf4 gxf4 42. Ra2 Rd1+ 43. Bf1 Qg5+ 44. Kh1 Qh4+ 45. Kg2 Qg3+ 46. Kh1 Bh5 0-1